000 00272nam a22001097a 4500
008 170104b xxu||||| |||| 00| 0 eng d
020 _a9780781753692
041 _aeng
080 _26TH ED.
_a618.2
245 _aPsychiatric-Mental Health Nursing
_cMohr, W.K
942 _2udc
_cBK
999 _c2527
_d2527